| 000 | 00462nam a22001697a 4500 | ||
|---|---|---|---|
| 999 |
_c28548 _d28548 |
||
| 003 | BDDh-ASL | ||
| 005 | 20231015030935.0 | ||
| 008 | 220419s1912 ii ||||| |||| 00| 0 eng d | ||
| 040 | _cBDDh-ASL | ||
| 082 |
_a294.5563 _bSHH |
||
| 100 | 1 |
_9539 _aSharma, Pandit Vishun Lal |
|
| 245 | 1 | 0 | _aHand-Book of The Arya Samaj |
| 260 |
_aAllahabad: _bIndian Press, _c1912. |
||
| 300 |
_a121 p., _c18 cm. |
||
| 650 | 0 |
_9602 _aHindu Religion _xArya Samaj |
|
| 942 |
_2ddc _cBK |
||